000 00578nam a22001817a 4500
999 _c143716
_d143716
005 20230410120057.0
010 _aENG-120100
020 _a9789382549345
_c800.00
035 _aEN-103632
037 _bDBAD/PUB
082 _a333.79320954
245 _aEconomics liberalization and exclusion in the Indian context /
_cedited by Manas kumar Adhikari
260 _aKolkata
_bRachayita
_c2014
270 _a59/5 Garfa Main Road,
_bKolkata
_e700075
300 _axiv,329p.
_c22cm(hbk)
700 _aAdhikari, Manas Kumar
942 _2ddc
_cEN
_h333.79320954
_mECO